| 000 | 00804nam a22001697a 4500 | ||
|---|---|---|---|
| 008 | 090816t xxu||||| |||| 00| 0 eng d | ||
| 020 | _a9770186341 | ||
| 082 |
_222 _a811,008 _bش ه ا |
||
| 100 |
_98448 _aالشهاوى، احمد |
||
| 245 |
_aالوصايا فى عشق النساء.الكتاب الاول/ _cاحمد الشهاوى |
||
| 260 |
_aالقاهرة: _b،الدار المصرية اللبنانية _c2003 |
||
| 300 |
_a؛ص255 _c18.سم |
||
| 490 | _aالاعمال الابداعية | ||
| 650 |
_97996 _aالشعر العربى _v-- دواوين وقصائد |
||
| 942 |
_2ddc _cBB |
||
| 999 |
_c12584 _d12584 |
||